El jurisconsulto Benito Gutiérrez entre la historia y la razón / (Record no. 13281)

MARC details
000 -LEADER
campo de control de longitud fija 00812nam a2200217 i 4500
001 - NÚMERO DE CONTROL
campo de control 13281
003 - IDENTIFICADOR DE NÚMERO DE CONTROL
campo de control ES-MaACL
005 - FECHA Y HORA DE LA ÚLTIMA TRANSACCIÓN
campo de control 20250822190451.0
007 - CAMPO FIJO DE DESCRIPCIÓN FÍSICA--INFORMACIÓN GENERAL
campo de control de longitud fija t|
008 - DATOS DE LONGITUD FIJA--INFORMACIÓN GENERAL
campo de control de longitud fija 980121s1997 sp ||||1| spa d
020 ## - NÚMERO INTERNACIONAL ESTÁNDAR DEL LIBRO
Número Internacional Estándar del Libro 84-88973-53-5
080 ## - NÚMERO DE LA CLASIFICACIÓN DECIMAL UNIVERSAL
Número de la Clasificación Decimal Universal 929 Gutiérrez, Benito
100 1# - ENTRADA PRINCIPAL--NOMBRE DE PERSONA
Nombre de persona Domínguez Nafría, Juan Carlos.
9 (RLIN) 45231
245 13 - MENCIÓN DEL TÍTULO
Título El jurisconsulto Benito Gutiérrez entre la historia y la razón /
Mención de responsabilidad, etc. Juan Carlos Domínguez Nafría.
260 ## - PUBLICACIÓN, DISTRIBUCIÓN, ETC.
Lugar de publicación, distribución, etc. Madrid :
Nombre del editor, distribuidor, etc. Colegio de Registradores de la Propiedad y Mercantiles de España,
Fecha de publicación, distribución, etc. D.L. 1997.
300 ## - DESCRIPCIÓN FÍSICA
Extensión 303 p. :
Otras características físicas il. ;
Dimensiones 20 cm.
600 14 - PUNTO DE ACCESO ADICIONAL DE MATERIA--NOMBRE DE PERSONA
Nombre de persona Gutiérrez Fernández, Benito,
Fechas asociadas al nombre 1826-1885
9 (RLIN) 61147
710 2# - ENTRADA AGREGADA--NOMBRE DE ENTIDAD CORPORATIVA
Nombre de entidad corporativa o nombre de jurisdicción como elemento de entrada Colegio de Registradores de la Propiedad y Mercantiles de España.
9 (RLIN) 2938
852 ## - LOCALIZACIÓN
Ubicación ES-MaACL
Número de control de estantería L-20578
Sublocalización o colección R.126391
Holdings
Estatus retirado Estado de pérdida Estado de daño No para préstamo Biblioteca de origen Biblioteca actual Ubicación en estantería Fecha de adquisición Fuente de adquisición Total de préstamos Signatura topográfica completa Código de barras Visto por última vez Precio de reemplazo Tipo de ítem Koha
        Biblioteca del Ateneo de Madrid Biblioteca del Ateneo de Madrid Depósito 2 17/01/2008     L-20578 1013524 23/02/2023 23/02/2023 Libro impreso